| 000 | 01690nam0a2200361 4500 | ||
|---|---|---|---|
| 001 | RU\NLR\BIBL_A\022423798 | ||
| 005 | 20260406075152.0 | ||
| 010 |
_a978-5-907804-76-0 _9500 |
||
| 035 | _a(NLR Aleph) 022423798 | ||
| 090 |
_a13339522 _c13339522 |
||
| 100 | _a20250109d2024 |||y0rusy50 ca | ||
| 101 | 1 |
_aeng _crus |
|
| 102 | _aRU | ||
| 105 | _aa z 000yy | ||
| 181 | 0 |
_ai3 _baxxe |
|
| 182 | 0 | _an | |
| 200 | 1 |
_aFundamentals of lithochemistry _dОсновы литохимии _fYa. E. Judovich, M. Ketris _gexecutive editor: Dr. habil of geology and minerology sciences, Full professor L.V. Makhlaev _gRussian academy of sciences, Ural branch, Komi scientific center, Institute of geology _zrus |
|
| 203 |
_aТекст _bвизуальный _cнепосредственный |
||
| 210 |
_aSaint Petersburg _cNaukoemkie technologii _d2024 |
||
| 215 |
_a480, [1] с. _cил. _d22 |
||
| 300 | _aАвт. также на рус. яз.: Я. Э. Юдович, М. П. Кетрис | ||
| 320 | _aБиблиогр.: с. 437-478 (363 назв.) | ||
| 510 | 1 |
_6z45790 _aОсновы литохимии _zrus |
|
| 606 | 1 |
_aЛитохимия _92119933 _3RU\NLR\AUTH\661280237 |
|
| 686 | 1 | _aД344-43 | |
| 700 | 1 |
_8rus _7ba _aJudovič _bJ. É. _f1937- _gJakov Él'evič _3RU\NLR\AUTH\7737175 _920164 |
|
| 701 | 1 |
_8rus _7ba _aKetris _bM. P. _f1938- _gMarina Petrovna _3RU\NLR\AUTH\7737179 _920168 |
|
| 790 | 1 |
_8rus _7ca _aЮдович _bЯ. Э. _f1937- _gЯков Эльевич _3RU\NLR\AUTH\7737171 _920160 |
|
| 790 | 1 |
_8rus _7ca _aКетрис _bМ. П. _f1938- _gМарина Петровна _3RU\NLR\AUTH\7737178 _920167 |
|
| 942 | _cBOOK | ||
| 980 | _aNB | ||